GIS/LIS proceedings (Record no. 75908)
[ view plain ]
| 000 -LEADER | |
|---|---|
| fixed length control field | 00704nam a2200145 a 4500 |
| 008 - FIXED-LENGTH DATA ELEMENTS--GENERAL INFORMATION | |
| fixed length control field | 120416s1992 ||||||||||||||||| || u |
| 020 ## - INTERNATIONAL STANDARD BOOK NUMBER | |
| International Standard Book Number | 0944426905 |
| 050 ## - LIBRARY OF CONGRESS CALL NUMBER | |
| Classification number | G 70.2 Ame |
| 245 10 - TITLE STATEMENT | |
| Title | GIS/LIS proceedings |
| 246 ## - | |
| -- | The American Congress on Surveying & Mapping |
| 260 ## - PUBLICATION, DISTRIBUTION, ETC. | |
| Place of publication, distribution, etc. | Bethseda |
| Name of publisher, distributor, etc. | American Society for Photogrammetry & Re |
| Date of publication, distribution, etc. | 1992 |
| 350 ## - | |
| -- | 0.00 |
| 995 ## - | |
| -- | MAIN LIBRARY OPEN ACCESS |
| -- | 0.00 |
| -- | 729707 |
| -- | CBU-MAIN LIBRARY (Kitwe) |
| -- | 1 |
| -- | 66.50 |
| -- | G 70.2 Ame |
| -- | 1 |
| -- | AVAILABLE |
| -- | Oct 18, 2006 |
| -- | 023527 |
| -- | Main Library Open Access Collection |
| 995 ## - | |
| -- | ANNEX COLLECTION (Main Library) |
| -- | 0.00 |
| -- | 729706 |
| -- | CBU-MAIN LIBRARY (Kitwe) |
| -- | 2 |
| -- | 66.50 |
| -- | G 70.2 Ame |
| -- | 2 |
| -- | AVAILABLE |
| -- | Oct 18, 2006 |
| -- | 023498 |
| -- | Annex Low-Usage Collection |
| 999 ## - | |
| -- | 75908 |
| -- | 75908 |
| Withdrawn status | Lost status | Source of classification or shelving scheme | Damaged status | Not for loan | Permanent Location | Current Location | Shelving location | Date acquired | Total Checkouts | Full call number | Barcode | Date last seen | Copy number | Price effective from | Koha item type |
|---|---|---|---|---|---|---|---|---|---|---|---|---|---|---|---|
| CBU-MAIN LIBRARY, KITWE. | CBU-MAIN LIBRARY, KITWE. | 04/25/2023 | G 70.2 Ame | 023527 | 04/25/2023 | 1 | 04/25/2023 | MONOGRAPH | |||||||
| CBU-MAIN LIBRARY, KITWE. | CBU-MAIN LIBRARY, KITWE. | 04/25/2023 | G 70.2 Ame | 023498 | 04/25/2023 | 2 | 04/25/2023 | MONOGRAPH |